UBT Library

PDR for nutritional supplements. (Record no. 42315)

000 -LEADER
fixed length control field 01200cas a2200361 a 4500
001 - CONTROL NUMBER
control field 12441043
005 - DATE AND TIME OF LATEST TRANSACTION
control field 20180212042534.0
007 - PHYSICAL DESCRIPTION FIXED FIELD--GENERAL INFORMATION
fixed length control field t|
008 - FIXED-LENGTH DATA ELEMENTS--GENERAL INFORMATION
fixed length control field 001109c20019999njuuu p e 0 a0eng c
010 ## - LIBRARY OF CONGRESS CONTROL NUMBER
LC control number 00212570
016 7# - NATIONAL BIBLIOGRAPHIC AGENCY CONTROL NUMBER
Record control number 101095207
Source DNLM
022 0# - INTERNATIONAL STANDARD SERIAL NUMBER
International Standard Serial Number 1534-3642
Source 1
035 ## - SYSTEM CONTROL NUMBER
System control number (OCoLC)ocm45318762
040 ## - CATALOGING SOURCE
Original cataloging agency NSDP
Language of cataloging eng
Transcribing agency NSDP
Modifying agency NBuU-H
-- MCM
-- DLC
-- NSDP
-- DNLM
-- IDes
-- MBNU-L
-- OCoLC
-- InU
-- OCLCF
-- OCLCO
-- OCoLC
041 ## - LANGUAGE CODE
Language code of text/sound track or separate title eng
042 ## - AUTHENTICATION CODE
Authentication code pcc
-- nsdp
060 00 - NATIONAL LIBRARY OF MEDICINE CALL NUMBER
Classification number QV 772
Item number P3485 2001
080 ## - UNIVERSAL DECIMAL CLASSIFICATION NUMBER
Universal Decimal Classification number 613 WAL
082 10 - DEWEY DECIMAL CLASSIFICATION NUMBER
Classification number 613 WAL
Edition number 13
100 ## - Rafti
Rafti 5
101 ## - Shkurtesa
Shkurtesa FAR
210 0# - ABBREVIATED TITLE
Abbreviated title PDR nutr. suppl.
222 #0 - KEY TITLE
Key title PDR for nutritional supplements
245 00 - TITLE STATEMENT
Title PDR for nutritional supplements.
246 3# - VARYING FORM OF TITLE
Title proper/short title Physicians' desk reference for nutritional supplements
362 0# - DATES OF PUBLICATION AND/OR SEQUENTIAL DESIGNATION
Dates of publication and/or sequential designation 1st ed.-
776 08 - ADDITIONAL PHYSICAL FORM ENTRY
Display text Online version:
Title PDR for nutritional supplements
Record control number (OCoLC)606526958
776 08 - ADDITIONAL PHYSICAL FORM ENTRY
Display text Online version:
Title PDR for nutritional supplements
Record control number (OCoLC)608130648
906 ## - LOCAL DATA ELEMENT F, LDF (RLIN)
a 7
b cbc
c serials
d 2
e ncip
f 20
g n-oclserc
942 ## - ADDED ENTRY ELEMENTS (KOHA)
Source of classification or shelving scheme
Item type Books
Holdings
Withdrawn status Lost status Source of classification or shelving scheme Damaged status Not for loan Collection code Permanent location Current location Shelving location Date acquired Total Checkouts Full call number Barcode Date last seen Price effective from Koha item type
          Koleksioni i përgjithshem UBT - Lipjan UBT - Lipjan Koleksioni i përgjithshem 02/12/2018   613 WAL 002-2998585 02/12/2018 02/12/2018 Books
UBT Library © 2015-2024. All rights reserved University Education for Business and Technology